000
00266nam a2200121Ia 4500
100
_a
Crozier/Patric
942
_c
BK
654
_a
instrument
245
_a
Electronic instruments and measurements
260
_b
CBS
_a
Delhi
_c
1987
300
_a
382
546
_a
ENGLISH
999
_c
30246
_d
30246